Violencia juvenil en Europa

Bewaard in:
Bibliografische gegevens
Formaat: Texto
Tags: Voeg label toe
Geen labels, Wees de eerste die dit record labelt!

MARC

LEADER 00000 a a2200000 04500
001 42602
003
040
245 |a Violencia juvenil en Europa  
773 |g volumen25, número1111 (2004), páginas 10-11  
999 |c 20316  |d 20316